00788 a2200205 4500010001400000020002300014035001300037037001600050082001200066090001700078100002100095245011800116260004400234270007200278300003000350500002100380942002700401999001700428952013700445 aENG-89688 a818866166Xc250.00 aEN-73221 bDBAD / PUB14a658.401 c11488d114881 aSmith, Jaynie L.1 aCreating competitive advantage:cby Jaynie L. Smithbgive customers a reason to choose you over your competitors/ aChennaibEastWest Books (Madras),c2006 a571, Poonamalle High Road, AminjikaraibChennaicTamil Nadue600029 aviii, 228p.c21 cm. (Pbk) aIncludes index adplcENk658.401 / SMI c11173d11173 00102ddc40718NFICaDBADbDBADeDBAD/PUBg250.00l0o658.401 SMIpEN-73221r2008-09-15 00:00:00t1u12280v250.00w2008-09-15yEN